000 00229 a2200097 4500
100 _aBismil Tufail
245 _aDill Deepak Hay
260 _aKarachi
_bRoyal Book Company
_c
090 _c23764
_d23764
942 _aNUST-CAE
_cM
_c15296
999 _c403536
_d403536